000 00510nam a2200133Ia 4500
005 20260209120154.0
008 260209s9999||||xx |||||||||||||| ||und||
100 _aAnurag Choudhary
245 0 _aUse of technology in criminal investigation and law enforcement : a detailed analysis
260 _aBangaloreBangalore
_bNLSIU, Bangalore
_c2024 - 2025
300 _a39 p. ; 25 cm.
700 _aMr. Kunal Ambasta - SupervisorMr. Kunal Ambasta - Supervisor
856 _uhttps://dans.nls.ac.in/handle/123456789/2534
999 _c217823
_d217823